000 00580nam a22001937a 4500
003 OSt
005 20260313011009.0
008 251204b |||||||| |||| 00| 0 eng d
020 _a971-23-3354-X
040 _aDWC-Main lib
_cOC
082 _aFil. 512 D336m 2002
100 _aDayrit, B.
245 _aModern college algebra
_cDayrit, Benjamin C.
260 _aManila :
_bRex Book Store,
_cc2002
300 _a238 pages ;
_c 25 cm.
650 _2Algebra.
700 _aYap, Avelina M.
942 _2ddc
_cBK - FIL
_hFil. 512 D336m 2002
_kFil.
_n0
999 _c6830
_d6830